000 00733nas a2200265Ia 4500
001 dd38-52533
003 IT-MiCISF
008 161014c99999999xx |||||||||||| ||und||
040 _aIT-MiCISF
_cIT-MiCISF
041 _aITALIANO
100 _aNovara Daniele
210 _aRocca
222 _aRocca
245 0 _aIl padre in panchina
250 _a1a ed.
260 _c2014
501 _bCISF - Centro Internazionale Studi Famiglia - Via Giotto, 36 20145 MILANO (non commercial uses only)
_cCopyright 2016
300 _app. 43-45
362 _a n. 14 [2014]
500 _a Tema: paternità, figli-adolescenti
650 _agenitorialità
_varticolo
700 _aAA.VV.
942 _cCR
957 _71
999 _a52533
_bSi
_g1
_c219027
_d219027